000 00294nam a22001337a 4500
020 _a978-0134058160
041 _aENG
100 _aJenson.J.R
245 _aIntoductory Digital Image Processing
260 _aDelhi
_bAndhra Un
_c1991
300 _a373
650 _aFMP
856 _uFMP (43 )
999 _c1359
_d1359